000 01174nam a2200229 a 4500
008 120416s1990 ||||||||||||||||| || u
020 _a1853334561
050 _aHG 1811 Coh
100 _aCohen, Gerald J
245 1 0 _aEffective management in financial services. (3rd ed.)
250 _a3rd ed.
260 _aLondon:
_bGraham & Trotman
_c1990
300 _axvi, 345p. : ill
350 _a0.00
650 0 _aMANAGEMENT
650 _aFINANCIAL SERVICES INDUSTRY--GREAT BRITAIN
650 _aBANK MANAGEMENT--GREAT BRITAIN
995 _aMAIN LIBRARY OPEN ACCESS
_D0.00
_e727433
_FCBU-MAIN LIBRARY (Kitwe)
_H2
_I22.95
_jHG 1811 Coh
_M2
_UAVAILABLE
_y024241
_ZMain Library Open Access Collection
995 _aANNEX COLLECTION (Main Library)
_D0.00
_e727434
_FCBU-MAIN LIBRARY (Kitwe)
_H3
_I22.95
_jHG 1811 Coh
_M3
_UAVAILABLE
_y024242
_ZAnnex Low-Usage Collection
995 _aMAIN LIBRARY OPEN ACCESS
_D0.00
_e727432
_FCBU-MAIN LIBRARY (Kitwe)
_H1
_I22.95
_jHG 1811 Coh
_M1
_UAVAILABLE
_y024240
_ZMain Library Open Access Collection
995 _aANNEX COLLECTION (Main Library)
_D0.00
_e727431
_FCBU-MAIN LIBRARY (Kitwe)
_H4
_I22.95
_jHG 1811 Coh
_M4
_UAVAILABLE
_y024261
_ZAnnex Low-Usage Collection
999 _c75768
_d75768